Statistics for Arkansas Razorbacks Basketball

Click here to take the quiz!

General Stats

  • This quiz has been taken 51 times
  • The average score is 9 of 15

Answer Stats

HintAnswer% Correct
How many times has Arkansas won the SEC tournament1
100%
The year the Razorbacks won the National Championship1994
95%
Who did they play?Duke
90%
Who was the coach of the Championship winning hogs?Nolan Richardson
88%
What coach led Arkansas to their first Elite Eight appearance for the first time in 26 yearsEric Musselman
80%
What team beat Arkansas in their most recent Elite Eight appearanceBaylor
58%
Who was a former assistant for Richardson and eventually became the head coach of the hogsMike Anderson
58%
What former player at Arkansas won 6th man of the year in the NBACorliss Williamson
53%
Who was the first one-and-done in Arkansas historyMoses Moody
48%
Who made the famous 3 point shot to lift the hogs to victoryScotty Thurman
48%
Who was the highest NBA draft pick ever out of ArkansasSidney Moncrief
45%
How many NBA draft picks have the Razorbacks had43
33%
The all time leader in 3 pointers madePat Bradley
33%
What famous coach was the coach at Arkansas before Nolan RichardsonEddie Sutton
30%
The all time leader in points for the RazorbacksTodd Day
28%

Score Distribution

Percentile by Number Answered

Percent of People with Each Score

Your Score History

You have not taken this quiz